|
|
|
|
| LEADER |
00000cam a2200000 7i4500 |
| 001 |
0000001175 |
| 005 |
20160330.0 |
| 008 |
070703 |
| 020 |
|
|
|a 9833385001(set)
|
| 020 |
|
|
|a 9833385605
|
| 090 |
0 |
0 |
|a SMA
|b MAL
|
| 100 |
0 |
|
|a S.Mahadzir
|
| 245 |
1 |
0 |
|a Pemuda berhati mulia
|c S.Mahadzir
|
| 260 |
|
|
|a Selangor :
|b Pekan Ilmu Publications ,
|c 2006
|
| 440 |
|
|
|a Siri khazanah moral pekan
|
| 500 |
|
|
|a Teenager ages 13-18 years old (blue)
|
| 650 |
|
0 |
|a Judul
|
| 650 |
|
0 |
|a Malay fiction
|
| 650 |
|
0 |
|a Siri
|
| 999 |
|
|
|a 0000947164
|b Book
|c Children Collection
|e Cawangan Bukit Gambir
|
| 999 |
|
|
|a 0000947165
|b Book
|c Children Collection
|e Cawangan Bukit Gambir
|
| 999 |
|
|
|a 0000955049
|b Book
|c Teenagers
|e Perbadanan Perpustakaan Awam Johor
|
| 999 |
|
|
|a 0000955050
|b Book
|c Teenagers
|e Perbadanan Perpustakaan Awam Johor
|
| 999 |
|
|
|a 0000955052
|b Book
|c Teenagers
|e Perbadanan Perpustakaan Awam Johor
|